Easy Maths - Statistics

General Stats
  • This quiz has been taken 405 times
  • The average score is 15 of 15
Answer Stats
Hint Answer % Correct
9x0 0
100%
1x1 1
100%
5+5 10
100%
7+3 10
100%
6x4 24
100%
2+2 4
100%
1x7 7
100%
7+100 107
99%
3x4 12
99%
10÷2 5
99%
66+33 99
99%
70+72 142
98%
13+7 20
98%
90÷3 30
98%
29+16 45
97%
No matching quizzes found
Score Distribution
Percent of People with Each Score
Percentile by Number Answered
Your Score History
You have not taken this quiz